Reparación de equipos de audio y alta fidelidad /

Texto de apoyo para diagnosticar las averías, reparación y comprobación de toda clase de equipos de audio domésticos (receptores, amplificadores, reproductores y grabadoras), incluidas algunas novedades aparecidas al momento de aparición de esta obra, tales como el minidisco, el sonido envolvente Do...

Olles dieđut

Furkejuvvon:
Bibliográfalaš dieđut
Váldodahkki: Beer, Nick (autor)
Materiálatiipa: Girji
Giella:espánnjágiella
Almmustuhtton: Madrid, España : Paraninfo, 1997, c1997
Fáttát:
Fáddágilkorat: Lasit fáddágilkoriid
Eai fáddágilkorat, Lasit vuosttaš fáddágilkora!

MARC

LEADER 00000nam^a2200000^a^4500
001 000129179
005 20250521000000.0
009 20260310094902.269
020 |a 84-283-2361-5 
037 |a Acervo ITESO - Biblioteca 
041 |a ESP 
082 |a 621. 389332  |b BEE 
100 |a Beer, Nick  |e (autor) 
245 1 0 |a Reparación de equipos de audio y alta fidelidad /  |c N. Beer ; tr. por Fernando Díaz-H. Sepúlveda, Santiago Díaz-H. Sepúlveda, Vicente Valverde González. 
264 4 |a Madrid, España :  |b Paraninfo,  |c 1997, c1997 
300 |a XXIV, 412 p. 
336 |a texto  |b txt  |2 rdacontenido 
337 |a sin mediación  |b n  |2 rdamedio 
338 |a volumen  |b nc  |2 rdasoporte 
500 |a Traducción de: Servicing Audio and Hi-Fi Equipment 
520 |a Texto de apoyo para diagnosticar las averías, reparación y comprobación de toda clase de equipos de audio domésticos (receptores, amplificadores, reproductores y grabadoras), incluidas algunas novedades aparecidas al momento de aparición de esta obra, tales como el minidisco, el sonido envolvente Dolby y Pro-Logic y el CD-i. 
649 |a XX 
650 |a Alta Fidelidad -  |x Sistemas de Sonido -  |x Mantenimiento y Reparación 
650 |a Grabación y Reproducción del Sonido -  |x Equipo y Aparatos 
650 |a Electrónica 
650 |a Mecánica 
910 |a Fondo General 
920 |a Impresos - Libros 
930 |a Colección General 
905 |a 101 
901 |a 0500059625  |b IT1  |c ACC  |u 20250521 
902 |a https://opac.biblio.iteso.mx/vufind/Record/000129179